Neznámy kovboj Paľo Bielik

Bibliographic Details
Main Author: Dzunková, Denisa (Author)
Format: Article
Language:Slovak
ISSN:1335-4701
Subjects:

MARC

LEADER 00000nab a2200000 a 4500
001 vtls008841133
003 SK-MaSNL
005 20260303063108.0
008 140301c20060428xo dr|p|||||||000 b|slo
015 |a SNBRB2006/08  |2 snkbucl 
038 |a SNKBUCL 
040 |a SNKBUCL  |b slo  |c SNKBUCL  |e AACR2 
041 0 |a slo 
044 |a xo  |c SK 
080 |a 791.633-051  |2 2001 
080 |a 929 Bielik, Paľo  |2 2001 
100 1 |a Dzunková, Denisa  |4 aut  |9 1056661 
245 1 0 |a Neznámy kovboj Paľo Bielik  |c Denisa Dzunková 
600 1 7 |a Bielik, Paľo,  |d 1910-1983  |2 snkbucl  |9 38369 
773 0 |t Hospodárske noviny  |g Roč. XIV., č. 82 (28.4.-1.5.2006)  |x 1335-4701 
773 0 8 |t Civilizácia  |g S. 22 
852 |a SNK  |b KIS3GCP 
958 |a BX 
999 |c 1741721  |d 1743651